000
00319nam a2200133Ia 4500
005
20251222141816.0
008
251222s9999||||xx |||||||||||||| ||spa||
020
_a
978-987-1021-85-7
082
_a
398.209.495/P99
100
_a
Pytrell, Ariel
245
0
_a
Antes del Principio:
264
_b
Pluma y Papel
942
_c
LIB
999
_c
6646
_d
6646